000 01091cam a2200337 a 4500
001 3905692
003 OSt
005 20140310184252.0
008 910524s1992 nyua j 000 1 eng
010 _a 91021160
020 _a0689715927
040 _aDLC
_cDLC
_dDLC
042 _alcac
050 0 0 _aPZ 8.3
_b.Se4688 1990
100 1 _aSerfozo, Mary.
_922787
245 1 0 _aWho said red? /
_cMary Serfozo ; illustrated by Keiko Narahashi.
250 _a1st Aladdin Books ed.
260 _aNew York :
_bScholastic Inc.,
_c1990.
300 _bcol. ill. ;
_c21 cm.
521 _aG1
526 _c120
650 1 _aColor
_xFiction.
_922788
650 1 _aStories in rhyme.
_95554
700 1 _aNarahashi, Keiko,
_eill.
_922789
856 4 2 _3Publisher description
_uhttp://www.loc.gov/catdir/description/simon033/91021160.html
906 _a7
_bcbc
_corignew
_d1
_eocip
_f19
_gy-gencatlg
942 _2lcc
_cBK-SCHOLAS
999 _c33382
_d33382